000 00509 a2200169 4500
020 _a8185386188
024 _a9788185386188
082 _a658
090 _c5152
_d5152
100 _aIvancevich, Donnelly, Gibson.
245 _aManagement
_bPrinciples and Functions
_cJohn M. Ivancevich, James H. Donnely, Jr. , James L. Giabson
250 _a4th Ed.
260 _aNew Delhi, India
_bA.I.T.B.S Publisers & Distributors (Regd.)
_c2005
300 _a762
500 _apapercover
942 _aNBS
_cBK
_k658 IVA
999 _c347572
_d347572